| 000 | 00578nam a2200181Ia 4500 | ||
|---|---|---|---|
| 008 | 090122s9999 xx 000 0 und d | ||
| 082 |
_b13605 _a910.09 |
||
| 100 |
_aकुंटे _bजगन्नाथ |
||
| 245 | _aनर्मदे हर हर | ||
| 260 |
_bप्राजक्ता _c"4 थी, 2007" |
||
| 300 | _a156 | ||
| 501 | _aदेणगी- श्री.खानवेलकर | ||
| 600 | _aकुंटे | ||
| 630 | _aनर्मदे हर हर | ||
| 700 | _aकुंटे | ||
| 730 | _aनर्मदे हर हर | ||
| 942 | _cBOOK | ||
| 999 |
_c37682 _d37682 |
||